书目信息 |
| 题名: |
实用口腔科手册
|
|
| 作者: | 王忠文主编 | |
| 分册: | ||
| 出版信息: | 北京 人民军医出版社 1996.12 |
|
| 页数: | 715页 | |
| 开本: | 19cm | |
| 丛书名: | ||
| 单 册: | ||
| 中图分类: | R78-62 | |
| 科图分类: | ||
| 主题词: | 口腔科学 | |
| 电子资源: | ||
| ISBN: | 7-80020-673-4 | |
| 000 | 00537nam0 2200181 45 | |
| 001 | 9911301546 | |
| 005 | 19991130153727.5 | |
| 010 | @a7-80020-673-4@d43.00 | |
| 100 | @a19991130d1996 km y0chiy0120 ea | |
| 101 | @achi | |
| 105 | @a z 000yy | |
| 200 | 1 | @a实用口腔科手册@AShi Yong Kou Qiang Ke Shou Ce@f王忠文主编@FWang Zhong Wen Zhu Bian |
| 210 | @a北京@c人民军医出版社@d1996.12 | |
| 215 | @a715页@c无图表@d19cm | |
| 606 | 0 | @a口腔科学 |
| 690 | @aR78-62@v3 | |
| 801 | @aCN@bPerfectUser@c19991130 | |
| 905 | @aBZT@b48913-915@f3@dR78-62@e4 | |
| 实用口腔科手册/王忠文主编.-北京:人民军医出版社,1996.12 |
| 715页:无图表;19cm |
| ISBN 7-80020-673-4:43.00 |
| ● |
| 相关链接 |
|
|
|
正题名:实用口腔科手册
索取号:R78-62/4
 
预约/预借
| 序号 | 登录号 | 条形码 | 馆藏地/架位号 | 状态 | 备注 |
| 1 | 48913 | 200606264 | 中心书库中库/ 中库014架B面5列4层3/ [索取号:R78-62/4] | 在馆 | |
| 2 | 48914 | 200606255 | 中心书库中库/ 中库014架B面5列4层1/ [索取号:R78-62/4] | 在馆 | |
| 3 | 48915 | 200375717 | 中心书库中库/ 中库014架B面5列4层2/ [索取号:R78-62/4] | 在馆 |